Normal view
MARC view
Entry Personal Name
001 - CONTROL NUMBER
- control field: 784121
003 - CONTROL NUMBER IDENTIFIER
- control field: OSt
005 - DATE AND TIME OF LATEST TRANSACTION
- control field: 20250513115453.0
008 - FIXED-LENGTH DATA ELEMENTS
- fixed length control field: 250513|| aca||aabn | a|a d
040 ## - CATALOGING SOURCE
- Original cataloging agency: OSt
- Transcribing agency: OSt
100 ## - HEADING--PERSONAL NAME
- Personal name: डंगवाल, वीरेन
670 ## - SOURCE DATA FOUND
- Source citation: Work cat.: (OSt)1400759: डंगवाल, वीरेन , कविता वीरेन , 2018.
